|
|
|
|
| LEADER |
00000nam0a2200000 4500 |
| 001 |
57516 |
| 005 |
20231031054252.0 |
| 010 |
|
|
|a 5743312222
|
| 035 |
|
|
|a (RuTPU)RU\TPU\book\60683
|
| 090 |
|
|
|a 57516
|
| 100 |
|
|
|a 20031105d2003 k y0rusy50 ca
|
| 101 |
0 |
|
|a rus
|
| 102 |
|
|
|a RU
|
| 105 |
|
|
|a y z 100zy
|
| 200 |
1 |
|
|a Технологии интернет - на службу обществу
|e Сборник статей по материалам Всероссийской научно-практической конференции
|f Саратовский государственный технический университет
|
| 210 |
|
|
|a Саратов
|c Изд-во Саратовского ГТУ
|d 2003
|
| 215 |
|
|
|a 284 с.
|
| 610 |
1 |
|
|a компьютерные сети
|
| 610 |
1 |
|
|a Интернет
|
| 610 |
1 |
|
|a применение
|
| 610 |
1 |
|
|a органы
|
| 610 |
1 |
|
|a государственная власть
|
| 610 |
1 |
|
|a региональная система
|
| 610 |
1 |
|
|a открытое образование
|
| 610 |
1 |
|
|a дистанционное образование
|
| 610 |
1 |
|
|a дистанционное обучение
|
| 610 |
1 |
|
|a Российский портал
|
| 610 |
1 |
|
|a информационные технологии
|
| 610 |
1 |
|
|a Саратовская область
|
| 610 |
1 |
|
|a внедрение
|
| 610 |
1 |
|
|a Башкортостан
|
| 610 |
1 |
|
|a 21 век
|
| 610 |
1 |
|
|a бизнес
|
| 610 |
1 |
|
|a управление
|
| 610 |
1 |
|
|a международное сотрудничество
|
| 610 |
1 |
|
|a информационные ресурсы
|
| 610 |
1 |
|
|a безопасность
|
| 610 |
1 |
|
|a операционные системы
|
| 610 |
1 |
|
|a брандмауэры
|
| 610 |
1 |
|
|a знания
|
| 610 |
1 |
|
|a тестирование
|
| 610 |
1 |
|
|a статистика
|
| 610 |
1 |
|
|a Unix
|
| 610 |
1 |
|
|a QoS
|
| 610 |
1 |
|
|a Web-технологии
|
| 610 |
1 |
|
|a конференции
|
| 675 |
|
|
|a 681.324(063)
|v 3
|
| 712 |
0 |
2 |
|a Саратовский государственный технический университет
|2 stltpush
|3 (RuTPU)RU\TPU\col\95
|
| 801 |
|
1 |
|a RU
|b 63413507
|c 20031105
|g PSBO
|
| 801 |
|
2 |
|a RU
|b 63413507
|c 20061107
|g PSBO
|
| 942 |
|
|
|c BK
|